| 000 | 00444nam a2200157Ia 4500 | ||
|---|---|---|---|
| 003 | GCL | ||
| 008 | 140319s9999 xx 000 0 eng d | ||
| 040 |
_aGCL / _cGCL |
||
| 082 | 0 | 4 |
_a620.0042 _bM U |
| 100 | 1 | _aMAXEY, RANDOLL A. | |
| 245 | 1 | 0 |
_aUPGRADING TO AUTOCAD RELEASE 13 / _cMAXEY, RANDOLL A. |
| 260 |
_a[S.N] : _bNEW RIDERS PUBLISHING INDIANAPOLIS |
||
| 650 | 0 | 4 | _aAUTOCAD, COMPUTER FILE |
| 650 | 0 | 4 | _aCOMPUTER GRAPHICS |
| 942 |
_2ddc _cBK |
||
| 999 |
_c13036 _d13036 |
||